书目信息 |
| 题名: |
激光测距仪
|
|
| 作者: | ;中国矿业学院测量教研室 编 | |
| 分册: | ||
| 出版信息: | 北京 煤炭工业出版社 1980 |
|
| 页数: | 327页 | |
| 开本: | 25cm | |
| 丛书名: | ||
| 单 册: | ||
| 中图分类: | TH761.2 | |
| 科图分类: | ||
| 主题词: | 激光测距仪 | |
| 电子资源: | ||
| ISBN: | ||
| 000 | 00649nam0 2200229 45 | |
| 001 | 0180006138 | |
| 005 | 20060720085515.37 | |
| 010 | @dCNY2.15 | |
| 091 | @aCN@b15035.2259 | |
| 100 | @a19950523d1980 em y0chiy0121 ea | |
| 101 | 0 | @achi |
| 102 | @aCN@b110000 | |
| 105 | @ay z 000yy | |
| 200 | 10 | @a激光测距仪@Aji guang ce ju yi@f中国矿业学院测量教研室编 |
| 210 | @a北京@c煤炭工业出版社@d1980 | |
| 215 | @a327页@d25cm | |
| 606 | @a激光测距仪 | |
| 690 | @aTH761.2@v3 | |
| 711 | 02 | @a中国矿业学院测量教研室@Azhong guo kuang ye xue yuan ce liang jiao yan shi@4编 |
| 801 | 2 | @aCN@bNLC@c20060720 |
| 801 | 0 | @aCN@bTSSF |
| 905 | @a10447@dTH761.2@e32 | |
| 激光测距仪/中国矿业学院测量教研室编.-北京:煤炭工业出版社,1980 |
| 327页;25cm |
| ISBN :CNY2.15 |
| ● |
| 相关链接 |
|
|
|
|
正题名:激光测距仪
索取号:TH761.2/32
 
预约/预借
| 序号 | 登录号 | 条形码 | 馆藏地/架位号 | 状态 | 备注 |
| 1 | 0431987 | 204319870 | 密集书库/ [索取号:TH761.2/32] | 在馆 | |
| 2 | 0437601 | 204376013 | 密集书库/ [索取号:TH761.2/32] | 在馆 | |
| 3 | 0437719 | 204377192 | 密集书库/ [索取号:TH761.2/32] | 在馆 |